00737cam a22002177a 4500003000500000005001700005008004100022010001000063011001000073035001000083040000900093100003400102245008300136260004000219300000900259502011300268650004000381650004600421650001700467650003500484CHAP20220817042325.0971013s1972 r 00010 d a40859 a41831 a45957 cCHAP00aMoscardi C., Edgardo Rubén. 0aRiesgo y transferencia de tecnologíab: estudio para el caso del Plan Puebla aChapingo, Méx. :bEl autor,c1972 a68 h aTesis (M.C. Esp. en Economía Agrícola) -- ENA. Colegio de Postgraduados. Centro de Economía Agrícola14aAgriculturaxAspectos económicos.14aAgriculturaxInnovaciones tecnológicas.14aPlan Puebla.14aTransferencia de tecnología.